| 000 | 01297nam0a22002531 4500 | ||
|---|---|---|---|
| 001 | rc\3929165 | ||
| 005 | 20260406104721.0 | ||
| 035 | _a(NLR Aleph) 007915390 | ||
| 090 |
_a8123709 _c8123709 |
||
| 100 | _a20130415b19521960|||y0rusy50 ca | ||
| 101 | 0 | _arus | |
| 102 | _aRU | ||
| 105 | _ay z ||||| | ||
| 200 | 1 |
_aОсновные итоги работы Академии наук Латвийской ССР _fАН Латв. ССР |
|
| 210 |
_aРига _cИзд-во АН Латвийской ССР _d1952-1960 |
||
| 300 | _aПолное описание см.: ... Итоги научной деятельности и внедрения законченных работ | ||
| 517 | 0 | _aИтоги научной деятельности и внедрения законченных работ Академии наук Латвийской ССР | |
| 710 | 0 | 2 |
_aЛатвийская академия наук _cРига _3RU\NLR\AUTH\883472 _9278231 |
| 801 | 0 |
_aRU _bNLR _gpsbo |
|
| 801 | 1 |
_aRU _bELAR _2rusmarc |
|
| 830 | _aПеречень имеющихся в библиотеке томов, номеров, годов этого издания смотри в каталоге периодических изданий | ||
| 852 |
_aNLR _jШифры разные |
||
| 942 | _cBOOK | ||
| 980 | _aNB | ||